00481nam a2200193 a 4500001001300000003000900013005001700022008004100039020001000080082001500090100001700105245003100122260004700153300000900200500003500209505001000244650001600254700001700270nice12345678IN_TiNIC20260116011320.0050524s1954 mysa grp 000 0 eng  ac10000a270.6bLEF aLefever, H C aHistory of the Reformation aMysorebChristian Literature Societyc1954 a231p aincludes index and biblioraphy2 aIndex aReformation1 aLefever, H C